Verejné financie Európskej únie

Guardado en:
Detalles Bibliográficos
Autor principal: Kozlík, Sergej
Formato: Libro
Lenguaje:eslovaco
Publicado: Brussels European Parliament 2010
Materias:
Etiquetas: Agregar Etiqueta
Sin Etiquetas, Sea el primero en etiquetar este registro!

MARC

LEADER 00000nam a2200000 4500
001 0128962
005 20240404080334.4
041 0 |a slo 
044 |a BE 
245 1 0 |a Verejné financie Európskej únie  |c Sergej Kozlík 
264 1 |a Brussels  |b European Parliament  |c 2010 
300 |a 60 s. 
610 2 0 |a financie verejné 
610 2 0 |a politika fiškálna 
610 2 0 |a reformy 
610 2 0 |a Slovensko 
610 2 0 |a Európska únia 
100 1 |a Kozlík, Sergej